| 000 | 00592nam a22002057a 4500 | ||
|---|---|---|---|
| 003 | OSt | ||
| 005 | 20140310182803.0 | ||
| 008 | 130213t xxu||||| |||| 00| 0 eng d | ||
| 020 | _a0451623959 | ||
| 050 |
_aPJ 409 _b.T784 1984 |
||
| 082 |
_aM 890.82 _bT71 1984 |
||
| 245 |
_aA treasury of Asian literature _cedited with an introduction and commentaries by Yohannan, John D. |
||
| 260 |
_aNew York : _bThe John Day Company, _cc1984. |
||
| 300 |
_axiv, 432 p. _c17 cm. |
||
| 521 | _aCollege Students | ||
| 526 | _c1210L-1700L | ||
| 541 | _j1 | ||
| 562 | _e1 | ||
| 942 |
_2lcc _cBK _kM |
||
| 999 |
_c16027 _d16027 |
||